[Event "Napoli Vomero Settembre op 4th"]
[Site "Napoli"]
[Date "2007.10.18"]
[Round "4"]
[White "Pinto, Gaetano"]
[Black "Capozzoli, Silvio"]
[Result "1/2-1/2"]
[WhiteElo "2083"]
[BlackElo "1970"]
[PlyCount "89"]
[EventDate "2007.09.27"]
[EventType "swiss"]
[EventRounds "6"]
[EventCountry "ITA"]
[SourceTitle "EXT 2010"]
[Source "ChessBase"]
[SourceDate "2010.11.25"]
[SourceVersion "1"]
[SourceVersionDate "2010.11.25"]
[SourceQuality "1"]

1. d4 Nf6 2. Nf3 d5 3. e3 e6 4. Bd3 b6 5. Qe2 Bb7 6. Nbd2 Ne4 7. 0-0 Be7 8. Ne5 0-0 9. Qh5 g6 10. Qe2 Nd7 11. Nxd7 Qxd7 12. c3 c5 13. a3 Qc7 14. Nf3 Bd6 15. Bd2 Rae8 16. b4 c4 17. Bc2 f6 18. Qd1 e5 19. Be1 exd4 20. exd4 Bc8 21. h3 Ng5 22. Nxg5 fxg5 23. Bd2 Bh2+ 24. Kh1 Bf4 25. f3 Bxd2 26. Qxd2 Qf4 27. Qxf4 gxf4 28. Rfe1 Re3 29. Rxe3 fxe3 30. Kg1 Re8 31. Kf1 Kf7 32. Ke2 Kf6 33. f4 h5 34. Rf1 g5 35. fxg5+ Kxg5 36. Rf7 Kh4 37. Bf5 Bxf5 38. Rxf5 Rg8 39. g4 hxg4 40. hxg4 Kxg4 41. Rf7 Rh8 42. Kxe3 Rh3+ 43. Kd2 Rh2+ 44. Kd1 Rh1+ 45. Kd2 1/2-1/2

[Event "Napoli Bronstein Memorial"]
[Site "Napoli"]
[Date "2007.02.22"]
[Round "6"]
[White "Pinto, Gaetano"]
[Black "Supino, Domenico"]
[Result "0-1"]
[WhiteElo "2024"]
[BlackElo "2023"]
[PlyCount "42"]
[EventDate "2007.01.18"]
[EventType "swiss"]
[EventRounds "6"]
[EventCountry "ITA"]
[SourceTitle "EXT 2010"]
[Source "ChessBase"]
[SourceDate "2010.11.25"]
[SourceVersion "1"]
[SourceVersionDate "2010.11.25"]
[SourceQuality "1"]

1. d4 Nf6 2. Nf3 c5 3. c3 d5 4. e3 e6 5. Nbd2 Nc6 6. Bd3 Qc7 7. Qe2 cxd4 8. exd4 Bd6 9. Nf1 0-0 10. Ng3 Re8 11. 0-0 e5 12. dxe5 Nxe5 13. Nxe5 Bxe5 14. Qc2 Bd7 15. Be3 Rac8 16. Rac1 h6 17. Rfd1 Ng4 18. Bd4 Bxd4 19. cxd4 Qf4 20. Qb1 Qxf2+ 21. Kh1 Qe3 0-1

[Event "Napoli Bronstein Memorial"]
[Site "Napoli"]
[Date "2007.02.15"]
[Round "5"]
[White "Pinto, Gaetano"]
[Black "Capozzoli, Silvio"]
[Result "1-0"]
[WhiteElo "2024"]
[BlackElo "1909"]
[PlyCount "77"]
[EventDate "2007.01.18"]
[EventType "swiss"]
[EventRounds "6"]
[EventCountry "ITA"]
[SourceTitle "EXT 2010"]
[Source "ChessBase"]
[SourceDate "2010.11.25"]
[SourceVersion "1"]
[SourceVersionDate "2010.11.25"]
[SourceQuality "1"]

1. d4 Nf6 2. Nf3 c5 3. c3 d5 4. e3 e6 5. Nbd2 Nc6 6. Bd3 Qc7 7. 0-0 c4 8. Bc2 b5 9. e4 Bb7 10. e5 Nd7 11. Re1 b4 12. Nf1 h6 13. Ng3 0-0-0 14. Nd2 Be7 15. f4 g6 16. Nf3 a5 17. Be3 Rdg8 18. Kf2 g5 19. f5 g4 20. Ng1 Bh4 21. Ke2 Ba6 22. Qd2 b3 23. axb3 cxb3+ 24. Bd3 Bc4 25. Rf1 Ndxe5 26. dxe5 Qxe5 27. Rf4 Bg5 28. Nh5 Bxf4 29. Nxf4 exf5 30. Kf2 Re8 31. Nge2 Bxd3 32. Qxd3 Rd8 33. Nd4 Nxd4 34. Qxd4 Qc7 35. Qf6 d4 36. Qxf5+ Rd7 37. Bxd4 Rg8 38. Rxa5 Kd8 39. Ra8+ 1-0